UBT Library

Manual of cardiovascular diagnosis and therapy / (Record no. 40648)

000 -LEADER
fixed length control field 00783pam a2200253 a 4500
001 - CONTROL NUMBER
control field 1143793
005 - DATE AND TIME OF LATEST TRANSACTION
control field 20180122043855.0
008 - FIXED-LENGTH DATA ELEMENTS--GENERAL INFORMATION
fixed length control field 950727s1996 maua bf 001 0 eng c
010 ## - LIBRARY OF CONGRESS CONTROL NUMBER
LC control number 95024885
020 ## - INTERNATIONAL STANDARD BOOK NUMBER
International Standard Book Number 0316037958
020 ## - INTERNATIONAL STANDARD BOOK NUMBER
International Standard Book Number 0316035319
040 ## - CATALOGING SOURCE
Original cataloging agency DNLM/DLC
Transcribing agency DLC
Modifying agency DLC
041 ## - LANGUAGE CODE
Language code of text/sound track or separate title eng
060 10 - NATIONAL LIBRARY OF MEDICINE CALL NUMBER
Classification number WG 39 A456ma 1996
080 ## - UNIVERSAL DECIMAL CLASSIFICATION NUMBER
Universal Decimal Classification number 616.1 ALP
082 00 - DEWEY DECIMAL CLASSIFICATION NUMBER
Classification number 616.1 ALP
Edition number 20
100 1# - Rafti
Rafti 7
101 ## - Shkurtesa
Shkurtesa KARD
245 10 - TITLE STATEMENT
Title Manual of cardiovascular diagnosis and therapy /
Statement of responsibility, etc Joseph S. Alpert, James M. Rippe.
504 ## - BIBLIOGRAPHY, ETC. NOTE
Bibliography, etc Includes bibliographical references and index.
906 ## - LOCAL DATA ELEMENT F, LDF (RLIN)
a 7
b cbc
c orignew
d 1
e ocip
f 19
g y-gencatlg
942 ## - ADDED ENTRY ELEMENTS (KOHA)
Source of classification or shelving scheme
Item type Books
Holdings
Withdrawn status Lost status Source of classification or shelving scheme Damaged status Not for loan Collection code Permanent location Current location Shelving location Date acquired Total Checkouts Full call number Barcode Date last seen Price effective from Koha item type
          Koleksioni i përgjithshem UBT - Lipjan UBT - Lipjan Koleksioni i përgjithshem 01/22/2018   616.1 ALP 002-2995800 01/22/2018 01/22/2018 Books
UBT Library © 2015-2024. All rights reserved University Education for Business and Technology